<?xml version="1.0" encoding="UTF-8"?>
<marc:record xmlns:marc="http://www.loc.gov/MARC21/slim">
   <marc:leader>00000nam a2200000 a 4500</marc:leader>
   <marc:datafield ind1="1" ind2=" " tag="100">
      <marc:subfield code="a">Himpele, Klemens</marc:subfield>
      <marc:subfield code="4">aut</marc:subfield>
      <marc:subfield code="e">Verfasser/-in</marc:subfield>
   </marc:datafield>
   <marc:datafield ind1=" " ind2=" " tag="653">
      <marc:subfield code="a">Österreich</marc:subfield>
   </marc:datafield>
   <marc:datafield ind1=" " ind2=" " tag="653">
      <marc:subfield code="a">Deutschland</marc:subfield>
   </marc:datafield>
   <marc:datafield ind1=" " ind2=" " tag="653">
      <marc:subfield code="a">Statistik</marc:subfield>
   </marc:datafield>
   <marc:datafield ind1=" " ind2=" " tag="653">
      <marc:subfield code="a">Daten</marc:subfield>
   </marc:datafield>
   <marc:datafield ind1="0" ind2="0" tag="245">
      <marc:subfield code="a">Statistisch gesehen</marc:subfield>
   </marc:datafield>
   <marc:datafield ind1="0" ind2="0" tag="245">
      <marc:subfield code="b">Echte Zahlen statt halber Wahrheiten aus Österreich und Deutschland</marc:subfield>
   </marc:datafield>
   <marc:datafield ind1=" " ind2="1" tag="264">
      <marc:subfield code="b">Ecowin Verl.</marc:subfield>
      <marc:subfield code="c">2020</marc:subfield>
   </marc:datafield>
   <marc:datafield ind1="1" ind2=" " tag="520">
      <marc:subfield code="a">Wissen ist Macht und Zahlen lügen nicht: Statistik als Fake-News-Prävention
Zu spröde, zu kompliziert, zu nerdig: Schon in der Schule wird vielen abgewöhnt, sich ernsthaft für Mathematik oder Statistik zu interessieren. Stattdessen gibt es Zahlen gegenüber ein gehöriges Misstrauen, das oft in der Aussage gipfelt: "Glaube keiner Statistik, die du nicht selbst gefälscht hast!". Ob Datenfehler oder bewusste Manipulation: Allzu leicht wird heute mit falschen Zahlen Stimmung gemacht.
Klemens Himpele korrigiert mit seinem Sachbuch "Statistisch gesehen" auf höchst unterhaltsame Weise unser Bild von Daten und Fakten.</marc:subfield>
   </marc:datafield>
   <marc:datafield ind1=" " ind2=" " tag="020">
      <marc:subfield code="a">9783711002495</marc:subfield>
      <marc:subfield code="9">9783711002495</marc:subfield>
   </marc:datafield>
</marc:record>
